Strateji : (Record no. 15186)

MARC details
000 -BAŞLIK
Sabit Uzunlukta Kontrol Alanı 00783nam a22002657a 4500
999 ## - SİSTEM KONTROL NUMARALARI (KOHA)
Koha Biblionumber 15186
Koha Biblioitemnumber 15186
003 - KONTROL NUMARASI IDENTIFIER
Denetim Alanı MIRAKIL
005 - SON İŞLEM TARİHİ VE ZAMANI
Denetim Alanı 20230228122830.0
008 - SABİT-BOY VERİ ELEMANLARI - GENEL BİLGİLER
Sabit Uzunlukta Kontrol Alanı 230228b tu ||||| |||| 00| 0 tur d
020 ## - ULUSLARARASI STANDART KİTAP NUMARASI
Uluslararası Standart Kitap Numarası 9786051710815
040 ## - KATALOGLAMA KAYNAK
Orijinal Kataloglama Ajansı TR-AnCHP
Metne Dönüştürmek Ajansı TR-AnCHP
041 ## - DİL KODU
Metin / Ses Parça Veya Ayrı Başlığın Dil Kodu tur
082 ## - DEWEY ONLU SINIFLANDIRMA NUMARASI
Sınıflandırma Numarası 909
Ürün Numarası F63s 2019
100 ## - ANA GİRİŞ - KİŞİSEL İSİM
Kişisel Ad Freedman, Lawrence
245 10 - BAŞLIK TABLOSU
Başlık Strateji :
Başlığın Kalan bir tarih /
Sorumluluk Tablosu, Vb Lawrence Freedman ; Çevirmen: Belkıs Çorakçı Dişbudak
246 ## - UNVAN FORM VARYING
Başlık Doğru / Kısa Başlığı bir tarih
260 ## - YAYIN, DAĞITIM, VB
Yayın, Dağıtım, Vb Yeri İstanbul :
Yayıncı, Dağıtıcı, Vs Adı Alfa;
Yayın, Dağıtım, Vb Tarihi 2019
300 ## - FİZİKSEL TANIM
Kapsam 1096 s. ;
Boyutlar 22 sm.
490 0# - SERİSİ TABLOSU
Seri Beyanı ALFA ;
-- Tarih ;
Hacim / Ardışık Tanımı 2772.
-- 65.
504 ## - KAYNAKÇA VB NOT
Kaynakça Vb Notu Bibliyografik bilgi içerir.
504 ## - KAYNAKÇA VB NOT
Kaynakça Vb Notu Dizin vardır.
650 #0 - KONU KATMA GİRİŞ - TOPİKAL DÖNEM
9 (RLIN) 6756
Topikal Süreli Veya Coğrafi Ad Giriş Elemanı Dünya tarihi
700 1# - KATMA GİRİŞ - KİŞİSEL İSİM
9 (RLIN) 2254
Kişisel Ad Dişbudak, Belkıs Çorakçı
Relator Terim çev.
740 ## - KATMA GİRİŞ - KONTROLSUZ İLGİLİ / ANALİTİK BAŞLIK
Kontrol Edilmeyen / İlgili Analitik Başlıktaki bir tarih
942 ## - EKLENDİ GİRİŞ ELEMANLARI (KOHA)
Sınıflandırma Veya Raf Düzeni Kaynak Dewey Decimal Classification
Koha Öğesi Türü Books
Holdings
Kalıcı Konum Mevcut Konum Edinme Tarihi Toplam Check-Out'Lar Tam Çağrı Numarası Barkod Tarih Son Görülme İtibaren Geçerli Fiyatlar Koha Öğesi Türü
CHP Kütüphanesi CHP Kütüphanesi 02/28/2023   909 F63s 2019 020764 02/28/2023 02/28/2023 Books